La paz perpetua (Record no. 799937)

000 -CABECERA
Campo de control de longitud fija 00604nam a2200205 4500
001 - NÚMERO DE CONTROL
Campo de control VA34508
003 - IDENTIFICADOR DEL NÚMERO DE CONTROL
Campo de control ES-SlBCS
005 - FECHA Y HORA DE LA ÚLTIMA TRANSACCIÓN
Campo de control 20210601154103.0
008 - CÓDIGOS DE INFORMACIÓN DE LONGITUD FIJA
Campo de control de longitud fija 140520s1985 xxu||||| |||| 00| 0 spa d
041 ## - CÓDIGO DE LENGUA
Código de lengua del texto/banda sonora o título independiente spa
100 1# - PUNTO DE ACCESO PRINCIPAL-NOMBRE DE PERSONA
Nombre de persona Kant, Immanuel
Fechas asociadas al nombre , 1724-1804
9 (RLIN) 94277
245 10 - MENCIÓN DE TÍTULO
Título La paz perpetua
Mención de responsabilidad, etc. Immanuel Kant; Antonio Truyol Y Serra, Joaquín Abellán
260 ## - PUBLICACIÓN, DISTRIBUCIÓN, ETC... (PIE DE IMPRENTA)
Lugar de publicación, distribución, etc. Madrid :
Nombre del editor, distribuidor, etc. Tecnos
Fecha de publicación, distribución, etc. , 1985
300 ## - DESCRIPCIÓN FÍSICA
Extensión XXV,69 p.;
Dimensiones 18 cm
490 0# - MENCIÓN DE SERIE
Mención de serie Clásicos del Pensamiento
Designación de volumen o secuencia
650 ## - PUNTO DE ACCESO ADICIONAL DE MATERIA-TÉRMINO DE MATERIA
Término de materia o nombre geográfico como elemento inicial Paz Perpetua
9 (RLIN) 142479
700 10 - PUNTO DE ACCESO ADICIONAL-NOMBRE DE PERSONA
Nombre de persona Truyol y Serra, Antonio
9 (RLIN) 3316
700 10 - PUNTO DE ACCESO ADICIONAL-NOMBRE DE PERSONA
Nombre de persona Abellán, Joaquín
9 (RLIN) 78842
942 ## - ENTRADA DE ELEMENTOS AGREGADOS (KOHA)
Koha [por defecto] tipo de item Libros
Holdings
Suprimido Perdido Estropeado No para préstamo Localización permanente Localización actual Localización en estantería Fecha adquisición Préstamos totales Signatura completa Número de Registro / Código de Barras Fecha última consulta Fecha del precio de reemplazo Tipo de item de Koha
        San Esteban San Esteban Valladolid 11/07/2014   31/C5 VA34508 11/07/2014 11/07/2014 Libros

Bibliotecas Dominicos Provincia Hispania, 2016

Con tecnología Koha